000 01145nam a2200277 a 4500
001 BRCA_1931
005 20190320203615.0
008 960403m19951997mx-a---##b---#000-0cspa-#
020 _a9686258515 (v.1)
020 _a9686258558 (v.2)
020 _a9686258639 (v.3)
040 _aDLC
_cDLC
_dDLC
050 4 _aN6558
_b.T68 1995
100 1 _aTovar de Teresa, Guillermo
_d1956-
_9559
245 1 0 _aRepertorio de artistas en México
_bartes plásticas y decorativas
_cpor Guillermo Tovar de Teresa con la colaboración de Gabriel Breña Valle, Fernando García Correa y Xavier Guzmán Urbiola ; prólogo Octavio Paz ; fotografías José Ignacio González Manterola ; diseño Franco Maria Ricci.
260 _aMéxico
_bGrupo Financiero Bancomer
_c1995-1997
300 _a3 v.
_bil. (algunas a color)
_c31 cm.
504 _aIncluye referencias bibliográficas
505 0 _aContenido : v.1. A-F. -- v.2. G-O. -- v.3. P-Z
650 1 4 _aArtistas
_vBiografía
_zMéxico
_93612
700 1 _aBreña Valle, Gabriel
_95951
700 1 _aGarcía Correa, Fernando
_95952
700 1 _aGuzmán Urbiola, Xavier
_95953
902 _aREF
942 _2lcc
_cB
999 _c1703
_d1703